Centrojás / (Registro nro. 925)
[ vista simple ]
| 000 -LEADER | |
|---|---|
| fixed length control field | 01205nam a22002297a 4500 |
| 003 - CONTROL NUMBER IDENTIFIER | |
| control field | AR-RoUNCS |
| 005 - DATE AND TIME OF LATEST TRANSACTION | |
| control field | 20260226124002.0 |
| 008 - FIXED-LENGTH DATA ELEMENTS--GENERAL INFORMATION | |
| fixed length control field | 260226t2013 ag |||||r|||| 00| 1 spa d |
| 020 ## - INTERNATIONAL STANDARD BOOK NUMBER | |
| International Standard Book Number | 987-987-1950-01-0 |
| 040 ## - CATALOGING SOURCE | |
| Transcribing agency | AR-RoUNCS |
| Original cataloging agency | AR-RoUNCS |
| 080 ## - UNIVERSAL DECIMAL CLASSIFICATION NUMBER | |
| Authority record control number or standard number | 82-32(821.6) |
| 100 1# - MAIN ENTRY--PERSONAL NAME | |
| Personal name | Manzi, Nicolás |
| Relator term | autor |
| 245 10 - TITLE STATEMENT | |
| Title | Centrojás / |
| Statement of responsibility, etc. | Nicolás Manzi. |
| 250 ## - EDITION STATEMENT | |
| Edition statement | 1a ed. |
| 260 ## - PUBLICATION, DISTRIBUTION, ETC. | |
| Place of publication, distribution, etc. | Rosario : |
| Name of publisher, distributor, etc. | El Ombú Bonsai, |
| Date of publication, distribution, etc. | 2013. |
| 300 ## - PHYSICAL DESCRIPTION | |
| Extent | 80 p. ; |
| Dimensions | 20 cm. |
| 490 0# - SERIES STATEMENT | |
| Series statement | Colección Raíces Aéreas |
| 520 3# - SUMMARY, ETC. | |
| Summary, etc. | Nouvelle polifónica que, desde la cabina hasta el vestuario, y desde los minutos finales hasta la agitada previa, se inserta en la dinámica de un partido de fútbol y en la desesperada búsqueda de Milonga por encontrar el gol y su vasta polisemia. Ágil y contundente cuando queda frente al arquero, Centrojás nos hace salir a la cancha para contagiarnos una pasión enferma de nefastos intereses y demiurgos bravucones. Escrita a contrapelo de la cronología, nos exige estar versados en la disciplina futbolística para comprender y disfrutar a pleno sus gambetas. (Notas del editor). |
| 650 #7 - SUBJECT ADDED ENTRY--TOPICAL TERM | |
| Topical term or geographic name entry element | Literatura argentina |
| Source of heading or term | embne |
| 655 #7 - INDEX TERM--GENRE/FORM | |
| Genre/form data or focus term | Novelas cortas |
| Source of term | embne |
| 942 ## - ADDED ENTRY ELEMENTS (KOHA) | |
| Source of classification or shelving scheme | Universal Decimal Classification |
| Koha item type | Obra General |
| Suppress in OPAC | No |
| Withdrawn status | Lost status | Source of classification or shelving scheme | Damaged status | Not for loan | Collection | Home library | Current library | Date acquired | Source of acquisition | Total checkouts | Full call number | Barcode | Date last seen | Price effective from | Koha item type |
|---|---|---|---|---|---|---|---|---|---|---|---|---|---|---|---|
| Universal Decimal Classification | Colección General | Biblioteca Escuela de Ciencias Sociales | Biblioteca Escuela de Ciencias Sociales | 26/02/2026 | Donación 2023 | 82-32(821.6) M288 | 000318 | 26/02/2026 | 26/02/2026 | Obra General |